00503nam a2200169Ia 4500003000900000008004100009020002200050040001600072080001700088100002000105245012000125260003100245300001400276650001600290650001300306650001400319IN-BaIIA211028s9999 xx 000 0 eng d a978-81-7480-165-4 cIIA Library a550.341bMAH aMahanti, Sobodh 4aThe violent earthbearthquakes, volcanoes and tsunamiscSobodh Mahanti  aNoidabVigyan Prasarc2008 axi, 117p. aEarthquakes aTsunamis avolcanoes